00661nam a2200205Ia 4500001002300000003000900023008004100032040002300073041001300096100002800109240004600137245001600183250001500199260002600214300001900240490002100259500002000280501012400300700003100424230.02-BAL ha pu (852)IT-MiSPE171229s9999||||xx |||||||||||||| ||und|| aIT-MiSPEcIT-MiSPE aITALIANO aHans Urs von Balthasar  aKlarstellungen: Zur Prüfung der Geister 0aPunti fermi a1a ed. (v) aMilanobRusconic1972 a334 p. c18 cm aProblemi attuali aTeologia - Temi aEdizioni San Paolo srl - Piazza Soncino, 5 - 20092 CINISELLO BALSAMO (MI) (non commercial uses only) ® Copyright 2018 aAldo Audisiog(traduzione)